Maritime trade and state development in early Southeast Asia

Bibliographic Details
Main Author: HALL
Format: Book
Published: Honolulu : Umiversity of Hawaii Press , 1985
Subjects:

MARC

LEADER 00000cam a2200000 7i4500
001 0000002771
005 20040108.0
020 0 0 |a 0824809599 
090 0 0 |a 382.0959   |b HAL 1985 
100 1 0 |a HALL   |h Kenneth R. 
245 1 1 |a Maritime trade and state development in early Southeast Asia   |c Kenneth R. Hall 
260 0 0 |a Honolulu :   |b Umiversity of Hawaii Press ,   |c 1985 
300 |a xv, 368 p. :   |b ill. ;   |c 24 cm. 
500 0 0 |a Includes bibliography : p. 345-358 and index 
651 0 0 |a Asia, Southeastern   |x Commerce   |x History 
651 0 0 |a Asia, Southeastern   |x History 
998 |a JPSM 
999 |a 0000003780   |b Monograph   |c Open Shelf   |e Default branch